| 000 | 00584nam a2200193Ia 4500 | ||
|---|---|---|---|
| 003 | GCL | ||
| 008 | 140319s9999 xx 000 0 ara d | ||
| 020 | _a4182287977 | ||
| 040 |
_aGCL / _cGCL |
||
| 082 | 0 | 4 |
_a629.24 _bع ش |
| 100 | 1 | _aعطية على عطية | |
| 245 | 1 | 0 |
_aالشاسية / _cعطية على عطية |
| 260 |
_aالقاهرة : _bدار الكتب العلمية للنشر والتوزيع ، _c2001 |
||
| 300 |
_a251 ص ؛ _c24 سم |
||
| 650 | 0 | 4 | _aالسيارات |
| 650 | 0 | 4 | _aالشاسية |
| 650 | 0 | 4 | _aالسيارات - اجزاء |
| 942 |
_2ddc _cBK |
||
| 999 |
_c5354 _d5354 |
||